Statistiques concernant paroles – la chanson de Craonne

Cliquez ici pour prendre le quiz!

Statistiques générales

  • Ce quiz a été pris 13 fois
    (12 depuis la dernière actualisation)
  • Le résultat moyen est 204 sur 322

Statistiques - réponses

Réponse% Correct
a
100%
à
100%
Craonne
100%
Et
100%
et
100%
Nous
100%
nous
100%
Adieu
88%
adieu
88%
Ce
88%
ce
88%
ces
88%
c'est
88%
C'est
88%
cette
88%
Craonne
88%
de
88%
De
88%
guerre
88%
infâme
88%
là-
88%
88%
la
88%
laisser
88%
l'amour
88%
le
88%
Les
88%
les
88%
peau
88%
Pour
88%
pour
88%
Qu'on
88%
qu'on
88%
sa
88%
sur
88%
toujours
88%
vie
88%
bien
75%
doit
75%
d'se
75%
en
75%
femmes
75%
fini
75%
Mais
75%
plateau
75%
plus
75%
se
75%
sommes
75%
Tous
75%
tous
75%
toutes
75%
va
75%
Au
63%
au
63%
car
63%
Car
63%
est
63%
haut
63%
jours
63%
leurs
63%
messieurs
63%
ne
63%
On
63%
on
63%
pas
63%
Quand
63%
sacrifiés
63%
s'en
63%
tranchées
63%
un
63%
assez
50%
aux
50%
chose
50%
condamnés
50%
dans
50%
dit
50%
gros
50%
marcher
50%
même
50%
Même
50%
petits
50%
prend
50%
Que
50%
Qui
50%
qui
50%
rose
50%
sans
50%
Si
50%
si
50%
sont
50%
tombe
50%
tombes
50%
veut
50%
baissant
38%
bout
38%
camarades
38%
chercher
38%
civ'lots
38%
cœur
38%
comme
38%
défendre
38%
d'huit
38%
D'monter
38%
d'monter
38%
eux
38%
faire
38%
grands
38%
lieu
38%
Notre
38%
Personne
38%
pied
38%
pile
38%
pluie
38%
Pourtant
38%
remplacer
38%
reprendre
38%
r'pos
38%
sous
38%
s'ra
38%
tambours
38%
terminé
38%
tête
38%
tour
38%
trompettes
38%
utile
38%
vient
38%
voit
38%
vot'
38%
vous
38%
attendons
25%
autres
25%
biens
25%
boulevards
25%
cacher
25%
chasseurs
25%
crève
25%
Doucement
25%
d'voir
25%
embusqués
25%
enterrés
25%
foire
25%
font
25%
F'raient
25%
grève
25%
huit
25%
Huit
25%
l'espérance
25%
l'ombre
25%
malheureux
25%
mettre
25%
mieux
25%
n'avons
25%
nuit
25%
officier
25%
pauv'
25%
Payez
25%
place
25%
quelqu'un
25%
rien
25%
r'lève
25%
sanglot
25%
s'avance
25%
silence
25%
soir
25%
Soudain
25%
souffrance
25%
trêve
25%
trouffions
25%
viendra
25%
Vont
25%
vont
25%
votre
25%
voulez
25%
ceux
13%
Ceux
13%
lpognon
13%
purotins
13%
qu'ont
13%
r'viendront
13%

Distribution des résultats

Percentile par nombre de réponses

% des personnes avec chaque résultat

Votre développement - résultats

Vous n’avez pas pris ce quiz depuis la dernière actualisation